| 000 | 00573nam a2200181Ia 4500 | ||
|---|---|---|---|
| 008 | 100920s9999 xx 000 0 und d | ||
| 082 |
_b30884 _a5 थ 35 |
||
| 100 | _aARMSTRONG H.C. | ||
| 245 | _aGREY WOLF MUSTAFA KEMAL An Intimate Study of a Dictator. | ||
| 260 |
_bARTHUR BARKER ,LTD. _c1935 |
||
| 300 |
_a341 _bसाधी |
||
| 365 | _b0 | ||
| 520 | _aई.एल. ई. | ||
| 630 | _aGREY WOLF MUSTAFA KEMAL An Intimate Study of a Dictator. | ||
| 650 | _aई.एल. ई. | ||
| 730 | _aGREY WOLF MUSTAFA KEMAL An Intimate Study of a Dictator. | ||
| 942 | _cBOOK | ||
| 999 |
_c686204 _d686201 |
||